000 00555nam a22002177a 4500
003 UA-OsUOA
001 135438
007 ta
008 20190204b un ||||| |||| 00| 0 ukr d
090 _a32
_bН34
942 _cMG
040 _aUA-OsUOA
_bukr
_cUA-OsUOA
_dUA-OsUOA
245 _aНаукові записки кафедри політології НаУКМА
_cУпорядник Кисельов С.
300 _a146 с.
955 _a1
041 _aukr
080 _a32
260 _aК.
044 _aUA
650 7 _a32 Політика
_2UDC
999 _c408887
_d408887